000 00397nam a2200157Ia 4500
999 _c31084
_d31084
003 OSt
005 20250710163634.0
008 250310s9999||||xx |||||||||||||| ||und||
040 _c.
082 _a915.404
_bM2977
245 0 _aTravel India Aide Jammu and Kashmir /
_cMaps and Agencies
250 _a2nd ed.
260 _aMadras :
_bMaps and Agencies,
_c1981.
300 _a42 p.
942 _cBK
_2ddc